Superheros - Statistics

General Stats
  • This quiz has been taken 1,847 times
    1,846 since last reset
  • The average score is 10 of 15
Answer Stats
Hint Answer % Correct
Bruce Wayne Batman
99%
Clark Kent Superman
99%
Barry Allen Flash
86%
Steve Rogers Captain America
85%
Damian Wayne Robin
80%
Hal Jordan Green Lantern
79%
Oliver Queen Green Arrow
69%
Dick Grayson Nightwing
67%
Barbara Gordon Batgirl
64%
Bucky Barnes Winter Soldier
60%
Connor Kent Superboy
58%
Wally West Kid Flash
54%
Arthur Curry Aquaman
49%
Tim Drake Red Robin
35%
Bernard Baker Animal Man
13%
No matching quizzes found
Score Distribution
Percent of People with Each Score
Percentile by Number Answered
Your Score History
You have not taken this quiz since the last reset